000
00235 a2200097 4500
001
14371
100
_a
Waliullah Khan
245
_a
Sab say zida mehrban insaan
260
_a
Lahore
_b
The Children Quran society
_c
090
_c
11270
_d
11270
942
_a
NUST-CAE
_c
M
_c
1415
999
_c
249444
_d
249444